| 000 | 00346nam a2200097Ia 4500 | ||
|---|---|---|---|
| 008 | 220120s9999||||xx |||||||||||||| ||und|| | ||
| 100 |
_aDivya, Ravikiran, Shilpa and Soundarya _912691 |
||
| 245 | 3 | _aAn internet of things for motion detection using raspberry P | |
| 260 |
_aCoorg Institute of Technology _bPonnampet _c2018 |
||
| 650 | _aCIVIL ENGINEERING | ||
| 999 |
_c138291 _d138291 |
||